000 01100nam a2200277 4500
001 0000017627
003 CO-CtgCURN
005 20250329191018.0
007 ta
008 160627s2000 000 0 eng d
020 _a9589404022
040 _aCO-CtgCURN
_bspa
_ccoctgcurn
082 0 _a720.986
_bB43c
111 2 _aBienal Colombiana de Arquitectura
_cBogotá, Colombia :
_f2000.
245 1 0 _aCien años de arquitectura en Colombia - XVII Bienal de Arquitectura /
_cBienal de Arquitectura.
260 _aBogotá :
_bSociedad Colombiana de Arquitectos,
_c2000.
300 _a384 p.
336 _2rdacontent
337 _2rdamedia
_asin mediacion
_bn
338 _2rdacarrier
_avolumen
_bnc
505 8 _aCien años de arquitectura en Colombia.--Lo urbano y la ciudad.--Arquitectura, modernidad y ciudad.--El patrimonio y la ciudad.--Pensamiento y ciudad.--Lo tectonico.--Homenaje al arquitecto Rogelio Salmona
650 1 4 _aArquitectura colombiana.
908 _a160627
942 _cBK
_h720.986
_iB43c
_2ddc
999 _c11142
_d11142